000 02161nam1a22003731i 4500
001 v19\rc\2112379
005 20260503064356.0
035 _a(NLR Aleph) 005186172
090 _a5168015
_c5168015
100 _a20090914d1814 a||y0rusy50 ca
101 0 _arus
102 _aRU
140 _ay y kc yaa0000
200 1 _aОснования российской словесности
205 _aТретие издание
_bвновь исправленное и во многих статьях пополненное
210 _aС. Петербург
_cв Морской типографии
_d1814
215 _a2 ч.
_d
300 _aЦенз.: И. О. Тимковский, 14 июля 1814 г.
300 _aВ конце предуведомления авт. (с. 7): А. Никольской.
300 _aВ предисл. авт. (с.5, 7) сообщается, что кн. была составлена для морских училищ по поручению П. В. Чичагова, и, что предыдущие изд. распроданы, т.к. кн. введена была в употребление во многих губернских гимназиях и в частных училищах.
300 _aЗагл. частей указаны на шмуцтит.
321 1 _aСК 1801-1825 5623
620 _dСанкт-Петербург
700 1 _7ca
_8rus
_aНикольский
_bА. С.
_cписатель
_f1755-1834
_gАлександр Сергеевич
_9237504
_3RU\NLR\AUTH\770237560
702 1 _4190
_7ca
_8rus
_aТимковский
_bИ. О.
_f1768-1837
_gИван Осипович
_9227481
_3RU\NLR\AUTH\770227537
702 1 _7ca
_8rus
_aЧичагов
_bП. В.
_f1767-1849
_gПавел Васильевич
_983279
_3RU\NLR\AUTH\77100353
712 0 1 _4610
_aРоссия
_bМорское министерство
_bТипография
_9383522
_3RU\NLR\AUTH\889944172
790 1 _6z01700
_aНикольской
_bА.
801 0 _aRU
_bNLR
_gpsbo
801 1 _aRU
_bProSoft-M
_2rusmarc
801 2 _aRU
_bNLR
_c20170830
_2rusmarc
852 _aNLR
_j18.50.5.20
942 _cBOOK